00905nam a22002657a 45000010005000000030009000050050017000140070005000310080034000360200015000700400022000850820022001071000042001292450070001712500012002412600048002533000027003014900035003285040073003635040033004366000079004696500032005487000024005808300035006040074DO-SdBNP20180130114304.00074151102b 2000 sp ||00| 0 spa d a8420734152 aBPMSUbspacBPMSU a863.6 bP438 20001 aPérez Galdós, Benito,d1843-1920.10aMarianela /cBenito Pérez Galdós ; ilustración Mario Lacoma a11a ed. aMadrid, España :bEdiciones Anaya,c2000. a207 p. :bil.,c21 cm.1 aTus libros ;aRománticosv23 aIncluye notas y referencias bibliográficas al pie de las páginas aBibliografías : p. 206-207 aPérez Galdós, Benito,d1843-1920. tMARIANELA xADAPTACIONES JUVENILES aNOVELA JUVENILE ESPAÑOLA 10aLacoma, Mario,eil. 0aTus libros ;pRománticosv23